UBT Library

How : (Record no. 815)

000 -LEADER
fixed length control field 01679nam a22002297a 4500
008 - FIXED-LENGTH DATA ELEMENTS--GENERAL INFORMATION
fixed length control field 150518b xxu||||| |||| 00| 0 eng d
020 ## - INTERNATIONAL STANDARD BOOK NUMBER
International Standard Book Number 9780471751229
041 0# - LANGUAGE CODE
Language code of text/sound track or separate title eng
080 ## - UNIVERSAL DECIMAL CLASSIFICATION NUMBER
Universal Decimal Classification number 650
100 ## - Rafti
Rafti Seidman, Dov.
245 00 - TITLE STATEMENT
Title How :
Statement of responsibility, etc Dov Seidman.
260 ## -
-- Hoboken, N.J. :
-- John Wiley & Sons, Inc.,
-- c2007.
300 ## -
-- 338 f
-- me il
-- 24 cm.
500 ## -
-- "Published simultaneously in Canada."
505 ## -
-- Preface -- Acknowledgements -- Prologue: making waves -- How we have been, how we have changed -- Introduction: the spaces between us -- From land to information -- Lines of communication -- Getting flattened -- Technology's trespass -- The ties that bind us -- Distance unites us -- Can you hear me now? -- The age of transparency -- The persistence of memory -- The information superhighway is a one-way street -- The journey to how -- Just do it -- The certainty gap -- The failure of rules -- How we succeed in business -- How we go forward -- How we think -- Intro: the paradox of journey -- Playing to your strengths -- Help! -- You can judge a book by its cover -- Looking out for number two -- The evolution of what is valuable -- Believe it -- From can to should -- Rules as proxies -- Dancing with rules -- On the tip of your tongue -- Unlocking should -- Risk and reward -- Keeping your head in the game -- Distraction -- Microinequities -- Dissonance -- Doing consonance.
650 #0 -
-- Success in business.
650 #0 -
-- Technological innovations.
650 #0 -
-- Organizational effectiveness.
650 #0 -
-- Values.
650 #0 -
-- Business ethics.
942 ## - ADDED ENTRY ELEMENTS (KOHA)
Source of classification or shelving scheme
Item type Books
Holdings
Withdrawn status Lost status Source of classification or shelving scheme Damaged status Not for loan Collection code Permanent location Current location Shelving location Date acquired Total Checkouts Full call number Barcode Date last seen Koha item type Price effective from
          Koleksioni i përgjithshem UBT - Lipjan UBT - Lipjan Koleksioni i përgjithshem 05/18/2015   650 SEI 002-008072 05/18/2015 Books  
          Koleksioni i përgjithshem UBT - Lipjan UBT - Lipjan Koleksioni i përgjithshem 09/30/2015   650 SEI 002-008100 09/30/2015 Books 09/30/2015
          Koleksioni i përgjithshem UBT - Lipjan UBT - Lipjan Koleksioni i përgjithshem 09/30/2015   650 SEI 002-008085 09/30/2015 Books 09/30/2015
          Koleksioni i përgjithshem UBT - Lipjan UBT - Lipjan Koleksioni i përgjithshem 09/30/2015   650 SEI 002-008086 09/30/2015 Books 09/30/2015
          Koleksioni i përgjithshem UBT - Lipjan UBT - Lipjan Koleksioni i përgjithshem 09/30/2015   650 SEI 002-008087 09/30/2015 Books 09/30/2015
          Koleksioni i përgjithshem UBT - Lipjan UBT - Lipjan Koleksioni i përgjithshem 09/30/2015   650 SEI 002-008088 09/30/2015 Books 09/30/2015
          Koleksioni i përgjithshem UBT - Lipjan UBT - Lipjan Koleksioni i përgjithshem 09/30/2015   650 SEI 002-008089 09/30/2015 Books 09/30/2015
          Koleksioni i përgjithshem UBT - Lipjan UBT - Lipjan Koleksioni i përgjithshem 09/30/2015   650 SEI 002-008090 09/30/2015 Books 09/30/2015
          Koleksioni i përgjithshem UBT - Lipjan UBT - Lipjan Koleksioni i përgjithshem 09/30/2015   650 SEI 002-008091 09/30/2015 Books 09/30/2015
          Koleksioni i përgjithshem UBT - Lipjan UBT - Lipjan Koleksioni i përgjithshem 09/30/2015   650 SEI 002-008092 09/30/2015 Books 09/30/2015
          Koleksioni i përgjithshem UBT - Lipjan UBT - Lipjan Koleksioni i përgjithshem 09/30/2015   650 SEI 002-008093 09/30/2015 Books 09/30/2015
          Koleksioni i përgjithshem UBT - Lipjan UBT - Lipjan Koleksioni i përgjithshem 09/30/2015   650 SEI 002-008094 09/30/2015 Books 09/30/2015
          Koleksioni i përgjithshem UBT - Lipjan UBT - Lipjan Koleksioni i përgjithshem 09/30/2015   650 SEI 002-008095 09/30/2015 Books 09/30/2015
          Koleksioni i përgjithshem UBT - Lipjan UBT - Lipjan Koleksioni i përgjithshem 09/30/2015   650 SEI 002-008096 09/30/2015 Books 09/30/2015
          Koleksioni i përgjithshem UBT - Lipjan UBT - Lipjan Koleksioni i përgjithshem 09/30/2015   650 SEI 002-008097 09/30/2015 Books 09/30/2015
          Koleksioni i përgjithshem UBT - Lipjan UBT - Lipjan Koleksioni i përgjithshem 09/30/2015   650 SEI 002-008098 09/30/2015 Books 09/30/2015
          Koleksioni i përgjithshem UBT - Lipjan UBT - Lipjan Koleksioni i përgjithshem 09/30/2015   650 SEI 002-008099 09/30/2015 Books 09/30/2015
UBT Library © 2015-2024. All rights reserved University Education for Business and Technology